000 00369nam a2200169Ia 4500
100 _aMaurus/J
650 _aPhilosophy
942 _cBK
366 _f25
654 _astress
245 _aUse your stress to keep away your stress
260 _bBetter Yourself Books
_aBandra
_c2007
082 _a170.MAU
_bMAU
300 _a172
546 _aENGLISH
999 _c24110
_d24110